| 000 -NÁVESTIE |
| fixed length control field |
01309cam a2200385 a 4500 |
| 001 - EVIDENČNÉ ČÍSLO ZÁZNAMU - Kontrolné číslo |
| control field |
vtls011562579 |
| 005 - DÁTUM A ČAS POSLEDNEJ TRANSAKCIE |
| control field |
20221011072456.0 |
| 008 - ÚDAJE S PEVNOU DĹŽKOU – VŠEOBECNÉ INFORMÁCIE |
| fixed length control field |
180601s2016 xo g 000 f slo |
| 020 ## - MEDZINÁRODNÉ ŠTANDARDNÉ ČÍSLO KNIHY (ISBN) |
| Medzinárodné štandardné číslo knihy (ISBN) |
9788055147680 |
| Qualifying information |
(viaz.) |
| 035 ## - Iný štandardný identifikátor |
| Iný štandardný identifikátor |
8588794A-B262-40E6-A081-7D5C28AA2596 |
| 035 ## - Iný štandardný identifikátor |
| Iný štandardný identifikátor |
urn:nbn:sk:snk-am3h6j6 |
| 035 ## - Iný štandardný identifikátor |
| Iný štandardný identifikátor |
urn:nbn:sk:snk-am00co25 |
| 040 ## - ZDROJ KATALOGIZÁCIE |
| Pôvodná katalogizujúca agentúra |
PPPK |
| Jazyk katalogizácie |
slo |
| Prepisujúca agentúra |
PPPK |
| Modifikujúca agentúra |
SNK |
| Konvencie popisu |
AACR2 |
| 041 1# - KÓD JAZYKA |
| Kód jazyka textu/zvukovej stopy alebo samostatných nápisov |
slo |
| Kód jazyka originálu a/alebo sprostredkujúcich prekladov textu |
swe |
| 044 ## - KÓD KRAJINY VYDAVATEĽA/PRODUCENTA |
| Kód krajiny MARC |
xo |
| Kód krajiny ISO |
SK |
| 072 #7 - KÓD PREDMETOVEJ KATEGÓRIE |
| Kód predmetovej kategórie |
821.11 |
| Pododdiel kódu predmetovej kategórie |
Germánske literatúry |
| Zdroj |
konspekt |
| 080 ## - ČÍSLO MEDZINÁRODNÉHO DESATINNÉHO TRIEDENIA (MDT) |
| Číslo Medzinárodného desatinného triedenia (MDT) |
821.113.6-31 |
| Identifikátor vydania |
2011 |
| 080 ## - ČÍSLO MEDZINÁRODNÉHO DESATINNÉHO TRIEDENIA (MDT) |
| Číslo Medzinárodného desatinného triedenia (MDT) |
(0:82-312.4) |
| Identifikátor vydania |
2011 |
| 100 1# - OSOBNÉ MENÁ – VŠEOBECNÉ INFORMÁCIE |
| Osobné meno |
Kepler, Lars |
| -- |
3646 |
| 240 10 - UNIFIKOVANÝ NÁZOV |
| Unifikovaný názov |
Playground |
| Jazyk diela |
Slovensky |
| 245 10 - NÁZOV |
| Názov |
Ihrisko |
| Údaj o zodpovednosti atď. |
Lars Kepler ; preložila Mária Bratová |
| 260 ## - VYDAVATEĽSKÉ ÚDAJE, DISTRIBÚCIA ATĎ. |
| Miesto publikovania, distribúcie atď. |
Bratislava |
| Názov vydavateľa, distibútora atď. |
Ikar |
| Dátum publikovania, distribúcie atď. |
2016 |
| 300 ## - FYZICKÝ POPIS |
| Rozsah |
398 s. |
| Rozmery |
24 cm |
| 490 1# - EDÍCIA |
| Edícia |
Severské krimi |
| 500 ## - VŠEOBECNÁ POZNÁMKA |
| Formátovaná poznámka o obsahu |
Na obálke: Od autorov bestsellerov Hypnotizér, Zmluva podľa Paganiniho, Svedkyňa ohňa, Uspávač, Stalker |
| 500 ## - VŠEOBECNÁ POZNÁMKA |
| Formátovaná poznámka o obsahu |
Preložené zo švédčiny |
| 655 #7 - INDEXAČNÝ TERMÍN – ŽÁNER/FORMA |
| Údaje o žánri/forme alebo termín, ktorý je prvok fazety |
švédske romány |
| Zdroj termínu |
SNKPH |
| -- |
1715 |
| 655 #7 - INDEXAČNÝ TERMÍN – ŽÁNER/FORMA |
| Údaje o žánri/forme alebo termín, ktorý je prvok fazety |
trilery (romány) |
| Zdroj termínu |
SNKPH |
| -- |
2135 |
| 655 #7 - INDEXAČNÝ TERMÍN – ŽÁNER/FORMA |
| Údaje o žánri/forme alebo termín, ktorý je prvok fazety |
Swedish fiction |
| Zdroj termínu |
SNKPHeng |
| -- |
1716 |
| 655 #7 - INDEXAČNÝ TERMÍN – ŽÁNER/FORMA |
| Údaje o žánri/forme alebo termín, ktorý je prvok fazety |
Thrillers (novels) |
| Zdroj termínu |
SNKPHeng |
| -- |
1722 |
| 700 1# - PRIDANÝ VSTUP – OSOBNÉ MENO |
| Osobné meno |
Bratová, Mária, |
| Dátumy súvisiace s menom |
1958- |
| Kód roly |
trl |
| -- |
2014 |
| 958 ## - Formálny deskriptor |
| Formálny deskriptor |
LX |
| 958 ## - Formálny deskriptor |
| Formálny deskriptor |
UP |